000 00349nam a2200109Ia 4500
008 221009s9999 xx 000 0 und d
082 _a500
100 _aGuider
_979384
245 0 _aसामान्‍य विज्ञान अध्‍यायवार वस्‍तुनिष्‍ठ
260 _bGuider Competitive Group
942 _cBK
999 _c65266
_d65266